Vermeer y el interior holandés (Record no. 66773)

MARC details
000 -LEADER
campo de control de longitud fija 01334nam a2200337 i 4500
001 - NÚMERO DE CONTROL
campo de control 66773
003 - IDENTIFICADOR DE NÚMERO DE CONTROL
campo de control ES-MaACL
005 - FECHA Y HORA DE LA ÚLTIMA TRANSACCIÓN
campo de control 20230906165829.0
007 - CAMPO FIJO DE DESCRIPCIÓN FÍSICA--INFORMACIÓN GENERAL
campo de control de longitud fija t|
008 - DATOS DE LONGITUD FIJA--INFORMACIÓN GENERAL
campo de control de longitud fija 030428s2003 sp ||||0| spa d
020 ## - NÚMERO INTERNACIONAL ESTÁNDAR DEL LIBRO
Número Internacional Estándar del Libro 84-8480-049-0
040 ## - FUENTE DE CATALOGACIÓN
Centro catalogador/agencia de origen M-BN
Lengua de catalogación spa
Centro/agencia transcriptor M-BN
080 ## - NÚMERO DE LA CLASIFICACIÓN DECIMAL UNIVERSAL
Número de la Clasificación Decimal Universal 75 Vermeer, Johannes (083.824)
245 00 - MENCIÓN DEL TÍTULO
Título Vermeer y el interior holandés
Resto del título : [exposición] del 19 de febrero al 18 de mayo, Museo Nacional del Prado /
Mención de responsabilidad, etc. [textos] Alejandro Vergara, con la colaboración de Mariët Westermann ; [traducciones, Laura Suffield y Agustín Vergara Sharp].
260 ## - PUBLICACIÓN, DISTRIBUCIÓN, ETC.
Lugar de publicación, distribución, etc. Madrid :
Nombre del editor, distribuidor, etc. Museo Nacional del Prado,
Fecha de publicación, distribución, etc. 2003.
300 ## - DESCRIPCIÓN FÍSICA
Extensión 259 p. :
Otras características físicas principalmente il. col. ;
Dimensiones 28 cm.
504 ## - NOTA DE BIBLIOGRAFÍA, ETC.
Nota de bibliografía, etc. Bibliografía p. 189-195. Indice.
504 ## - NOTA DE BIBLIOGRAFÍA, ETC.
Nota de bibliografía, etc. Texto en español con traducción al inglés.
600 14 - PUNTO DE ACCESO ADICIONAL DE MATERIA--NOMBRE DE PERSONA
Nombre de persona Vermeer, Johannes-
Subdivisión de forma Exposiciones.
9 (RLIN) 114148
650 #4 - PUNTO DE ACCESO ADICIONAL DE MATERIA--TÉRMINO DE MATERIA
Término de materia o nombre geográfico como elemento de entrada Pintura holandesa-
Subdivisión cronológica S.XVII-
Subdivisión de forma Exposiciones.
9 (RLIN) 16058
655 #7 - TERMINO DE INDIZACIÓN--GENERO/FORMA
Fuente del término tgfbne
9 (RLIN) 193628
Datos o término principal de género/forma Catálogos de exposiciones
700 1# - ENTRADA AGREGADA--NOMBRE PERSONAL
Nombre de persona Vergara, Alejandro.
9 (RLIN) 114078
700 1# - ENTRADA AGREGADA--NOMBRE PERSONAL
Nombre de persona Westermann, Mariët.
9 (RLIN) 116564
700 1# - ENTRADA AGREGADA--NOMBRE PERSONAL
Nombre de persona Vergara, Agustín.
9 (RLIN) 114077
700 1# - ENTRADA AGREGADA--NOMBRE PERSONAL
Nombre de persona Suffield, Laura.
9 (RLIN) 108736
710 2# - ENTRADA AGREGADA--NOMBRE DE ENTIDAD CORPORATIVA
Nombre de entidad corporativa o nombre de jurisdicción como elemento de entrada Museo Nacional del Prado.
9 (RLIN) 160001
852 ## - LOCALIZACIÓN
Ubicación ES-MaACL
Número de control de estantería L-27261
Sublocalización o colección R.132800
942 ## - ELEMENTOS DE ENTRADA SECUNDARIOS (KOHA)
Fuente del sistema de clasificación o colocación Clasificación decimal universal
Holdings
Estatus retirado Estado de pérdida Estado de daño No para préstamo Biblioteca de origen Biblioteca actual Ubicación en estantería Fecha de adquisición Fuente de adquisición Total de préstamos Signatura topográfica completa Código de barras Visto por última vez Precio de reemplazo Tipo de ítem Koha
        Biblioteca del Ateneo de Madrid Biblioteca del Ateneo de Madrid Depósito 2 17/01/2008     L-27261 1069939 23/02/2023 23/02/2023 Libro impreso